000
00245nam a22000977a 4500
999
_c
11297
_d
11297
008
190205b ||||| |||| 00| 0 eng d
020
_a
9781841260631
100
_a
Buschmann
_9
7039
245
_a
Coordination
260
_a
UK
_b
Meyer & Meyer Sport
_c
2002